|
|
|
|
| LEADER |
00000nta a2200000 i 4500 |
| 001 |
dolg8155 |
| 005 |
20170316154219.0 |
| 008 |
161207suuuu hu om 000 eng d |
| 040 |
|
|
|a BGE Dolgozattár Repozitórium
|b hun
|
| 041 |
|
|
|a en
|
| 100 |
1 |
|
|a Farkas Henriett
|
| 245 |
1 |
4 |
|a The impact of the Olympics on tourism. The Budapest case.
|c Farkas Henriett
|h [elektronikus dokumentum]
|
| 246 |
1 |
1 |
|a The impact of the Olympics on tourism. The Budapest case.
|
| 695 |
|
|
|a sport tourism
|
| 695 |
|
|
|a the olympic games
|
| 700 |
1 |
|
|a Papp Judit
|e ths
|
| 856 |
4 |
0 |
|u http://dolgozattar.uni-bge.hu/8155/1/K%C3%89SZ-F.H.-Dissertation.pdf
|z Dokumentum-elérés
|